| 000 | 00592nam a2200169Ia 4500 | ||
|---|---|---|---|
| 999 |
_c2711 _d2711 |
||
| 003 | DO-SdBJH | ||
| 005 | 20180416225159.0 | ||
| 008 | 180414s9999 dr 000 0 spa d | ||
| 040 |
_aDO-SdBJH _bspa _cDO-SdBJH |
||
| 090 | _aDM FM 100-5 1964 | ||
| 110 | _aInstituto de Cooperación para la Seguridad Hemisférica | ||
| 245 | 1 | 0 | _aFM 100-5 Operaciones / Instituto de Cooperación para la Seguridad Hemisférica |
| 260 | _aFuerte Benning, Georgia : Cuartel General Secretaría del Ejército, 1964 | ||
| 300 | _a203 páginas en varias paginaciones | ||
| 650 | 4 | _aOperaciones | |
| 942 |
_2ddc _cBK |
||